| Tag |
First Indicator |
Second Indicator |
Subfields |
| LEADER |
00000cam a2200000Ma 4500 |
| 001 |
in00002010590 |
| 005 |
20151031144933.0 |
| 008 |
040112s2003 nz a b 000 0 eng d |
| 020 |
|
|
|c $9.90 (pbk.)
|
| 035 |
|
|
|a (OCoLC)ocm55632519
|
| 040 |
|
|
|a UBY
|c UBY
|d TXA
|d UtOrBLW
|
| 043 |
|
|
|a cl-----
|
| 049 |
|
|
|a TXAM
|
| 082 |
0 |
4 |
|a 595.773
|2 22
|
| 090 |
|
|
|a QL351
|b .Z75 no.387
|
| 100 |
1 |
|
|a Ale-Rocha, R.
|
| 245 |
1 |
0 |
|a Neohybos gen. nov. (Diptera, Empidoidea, Hybotinae) from the Neotropical Region /
|c R. Ale-Rocha & C.J.B. Carvalho.
|
| 264 |
|
1 |
|a Auckland, N.Z. :
|b Magnolia Press,
|c 2003.
|
| 300 |
|
|
|a 16 pages :
|b illustrations ;
|c 30 cm.
|
| 336 |
|
|
|a text
|b txt
|2 rdacontent
|
| 337 |
|
|
|a unmediated
|b n
|2 rdamedia
|
| 338 |
|
|
|a volume
|b nc
|2 rdacarrier
|
| 490 |
1 |
|
|a Zootaxa,
|x 1175-5326 ;
|v 387
|
| 500 |
|
|
|a Cover title.
|
| 504 |
|
|
|a Includes bibliographical references (page 16).
|
| 650 |
|
0 |
|a Empididae
|z Latin America
|v Classification.
|
| 650 |
|
0 |
|a Empididae
|z Latin America
|v Identification.
|
| 700 |
1 |
|
|a Carvalho, Claudio José Barros de.
|
| 830 |
|
0 |
|a Zootaxa ;
|v 387.
|
| 856 |
4 |
2 |
|u http://www.mapress.com/zootaxa/content.html
|t 0
|
| 994 |
|
|
|a C0
|b TXA
|
| 948 |
|
|
|a cataloged
|b h
|c 2004/12/2
|d c
|e blrosas
|f 2:47:06 pm
|
| 999 |
|
|
|a MARS
|
| 999 |
f |
f |
|s 8f8a4981-10ff-3f74-aa4c-79dba4618c69
|i 9bd3888b-d274-3b00-8f6e-d48d2e7f4e86
|t 0
|
| 952 |
f |
f |
|p ric
|a Texas A&M University
|b Rellis Campus
|c Joint Library Facility
|d Remote Storage
|t 0
|e QL351 .Z75 no.387
|h Library of Congress classification
|i unmediated -- volume
|m A14831662280
|
| 998 |
f |
f |
|a QL351 .Z75 no.387
|t 0
|l Remote Storage
|